=LDR 00000nam 2200000 4500 =001 INLIS000000000027202 =005 20200219011523 =035 ##$$a 0010-061300000027202 =008 200219################g##########0#ind## =041 ##$$a Ind =082 ##$$a 128.1 =090 ##$$a 128.1, Man c =100 ##$$a Manurung, Brenggan =245 1#$$a Cara praktis mengevaluasi sendiri kondisi kejiwaan anda : $b Guna mengenali dan mengatasi sendiri konflik dan tekanan jiwa anda /$c Manarung, brenggan =260 ##$$a Bandung :$b Pionir jaya,$c 2003 =300 ##$$a Vii, 141 hlm : $b Ilus ; $c 11, 5 x 17 cm =650 #4$$a Jiwa, Kondisi =850 ##$$a NBPNMAT =084 ##$$a 128.1 MAN c =990 ##$$a 20708318